000 01529nam a2200457 i 4500
001 22164
003 KOSZ 005
005 20230123085358.0
008 990506s1983 pl a |000 0 pol
015 _aUWD 1984/641
035 _a991009523609705066
035 _a(PL-WaBN)b12577030-48omnis_nlop
035 _ab12577030
035 _a(OCoLC)830231258
035 _a(PL)b0000001257703
035 _a(EXLNZ-48OMNIS_NETWORK)9910145201605606
040 _aWA N
_cWA N
_dKR U
_dKOSZ 005/HR
041 0 _apol
046 _k1983
080 _a621.31
080 _a(075.8)
100 1 _aKobosko, Stanisław
_eAutor
245 1 0 _aObliczanie zwarć w systemach elektroenergetycznych /
_cStanisław Kobosko.
250 _a[Wyd. 4, częśc. zm.].
260 _aWarszawa :
_bWydawnictwa Politechniki Warszawskiej,
_c1983.
300 _a231 s. :
_brys., wykr. ;
_c24 cm.
336 _aTekst
_btxt
_2rdacontent
337 _aBez urządzenia pośredniczącego
_bn
_2rdamedia
338 _aWolumin
_bnc
_2rdacarrier
380 _aKsiążki
388 _a1901-
504 _aBibliogr. s. 230-231.
650 7 _aElektroenergetyka
_2DBN
655 7 _aPodręczniki akademickie
_2DBN
658 _aInżynieria i technika
650 7 _aZwarcie elektryczne
_2DBN
710 2 _aOficyna Wydawnicza Politechniki Warszawskiej
_4pbl
856 _uhttp://koha.tu.koszalin.pl/cgi-bin/koha/opac-detail.pl?biblionumber=22164
_yKatalog online BPK
942 _2UKD
_cKS
999 _c22164
_d22164